Most Appearance in the Champions League From Italy - Statistics

General Stats
  • This quiz has been taken 143 times
  • The average score is 17 of 25
Answer Stats
# Apps. Main Team(s) Years Pos. Answer % Correct
2 124 Juventus, Parma 1997-'98, 2001-'06, 2008-'10, 2012-'21 GK Gianluigi Buffon
100%
1 135 AC Milan 1988-'91, 1992-'95, 1996-'97, 1999-'01, 2002-'08 DF Paolo Maldini
100%
3 108 AC Milan, Juventus 1998-'99, 2002-'08, 2009-'11, 2012-'15 MF Andrea Pirlo
99%
6 89 Juventus 1995-'99, 2000-'06, 2008-'10 FW Alessandro Del Piero
94%
4 99 AC Milan, Lazio 1999-'08, 2009-'12 CB Alessandro Nesta
94%
15 74 Juventus 2005-'06, 2008-'10, 2012-'19, 2020-'22 DF Giorgio Chiellini
90%
7 87 Juventus, Union Berlin 2012-'17, 2018- CB Leonardo Bonucci
90%
18 62 Juventus, Real Madrid 1997-'98, 2002-'10 DF Fabio Cannavaro
89%
11 79 Paris Saint-Germain 2012-2023 MF Marco Verratti
89%
21 57 AS Roma 2001-'03, 2004-'05, 2006-'09, 2010-'11, 2014-'16 FW/AM Francesco Totti
88%
11 79 AC Milan 1999-'01, 2002-'08, 2009-'11 DM Gennaro Gattuso
83%
10 81 AC Milan, Juventus 1997-'99, 2000-'01, 2002-'08, 2009-'11 FW Filippo Inzaghi
81%
19 61 AS Roma 2001-'02, 2004-'05, 2006-'09, 2010-'11, 2014-'16, 2017-'19 DM/CB Daniele De Rossi
77%
16 71 Juventus, AC Milan 2001-'08, 2009-'12 RB Gianluca Zambrotta
74%
5 90 AC Milan 1988-'91, 1992-'95, 1996-'97, 1999-'01, 2002-'07 CB Alessandro Costacurta
63%
8 82 Paris Saint-Germain, Barcelona 2001-'03, 2005-'07, 2009-'18 MF Thiago Motta
60%
23 54 AC Milan, Juventus 1999-'01, 2002-'06, 2009-'14 GK Christian Abbiati
56%
8 82 AC Milan 1996-'97, 1999-'01, 2002-'08, 2009-'13 DM Massimo Ambrosini
53%
22 56 Juventus, Lazio 1995-'99, 2000-'02, 2003-'04 GK Angelo Peruzzi
41%
14 76 AS Roma, AC Milan 1993-'95, 1996-'99, 2001-'03, 2004-'05, 2006-'09 DF Christian Panucci
39%
20 59 Juventus, Napoli 1987-'88, 1990-'91, 1995-'99, 2000-'04 CB Ciro Ferrara
37%
24 53 AC Milan, Lazio 1992-'95, 1996-'97, 1999-'01, 2003-'05 MF Demetrio Albertini
29%
13 78 Juventus, Villarreal 1995-'99, 2000-'06 MF Alessio Tacchinardi
26%
17 68 Juventus 1995-'99, 2000-'06 LB Gianluca Pessotto
23%
25 52 Juventus 1997-'99, 2000-'05 DF Alessandro Birindelli
10%
No matching quizzes found
Score Distribution
Percent of People with Each Score
Percentile by Number Answered
Your Score History
You have not taken this quiz